[Event "Sherbrooke op"]
[Site "Sherbrooke"]
[Date "2000.??.??"]
[Round "3"]
[White "Maltais, Christian"]
[Black "Arsenault, Michel"]
[Result "1-0"]
[WhiteElo "1914"]
[BlackElo "1903"]
[PlyCount "121"]
[EventDate "2000.??.??"]
[EventType "swiss"]
[EventRounds "5"]
[EventCountry "CAN"]
[SourceTitle "EXT 2004"]
[Source "ChessBase"]
[SourceDate "2003.11.25"]
[SourceVersion "1"]
[SourceVersionDate "2003.11.25"]
[SourceQuality "1"]

1. f4 c5 2. Nf3 g6 3. e4 Nc6 4. Nc3 Bg7 5. d3 d6 6. g3 e6 7. Bg2 Nge7 8. 0-0 0-0 9. Be3 Rb8 10. e5 dxe5 11. Nxe5 Nxe5 12. fxe5 Bxe5 13. Bxc5 Bd4+ 14. Bxd4 Qxd4+ 15. Kh1 Nf5 16. Qe2 b5 17. a3 a5 18. Rae1 b4 19. axb4 axb4 20. Nd1 Rd8 21. Rf4 Qd6 22. b3 Bb7 23. Bxb7 Rxb7 24. Rc4 Qd5+ 25. Qg2 Qxg2+ 26. Kxg2 Ra8 27. Ne3 Nxe3+ 28. Rxe3 Ra2 29. Ree4 Kg7 30. Rc6 h5 31. Rec4 Kf6 32. Kf3 Ra1 33. Rc7 Rxc7 34. Rxc7 Rh1 35. h4 Rf1+ 36. Ke3 Rg1 37. Kf2 Rd1 38. Rc4 Rd2+ 39. Ke3 Rg2 40. Kf3 Rh2 41. d4 Rd2 42. Rxb4 Rxc2 43. Rc4 Rb2 44. Rc3 Rb1 45. Ke4 Rg1 46. Rf3+ Ke7 47. Kd3 Rc1 48. Kd2 Rc7 49. Rc3 Rb7 50. Kc2 Kd6 51. Rc5 Rb8 52. Kc3 Rb7 53. b4 Rb8 54. b5 Ra8 55. Kb4 Ra1 56. b6 f6 57. Kb5 Rd1 58. b7 Rb1+ 59. Ka6 e5 60. Rb5 Ra1+ 61. Kb6 1-0